Statistics for Former USSR Countries

Click here to take the quiz!

General Stats

  • This quiz has been taken 18 times
  • The average score is 13 of 15

Answer Stats

HintAnswer% Correct
6Belarus
100%
4Ukraine
100%
8Azerbaijan
94%
2Estonia
94%
3Latvia
94%
1Lithuania
94%
12Tajikistan
94%
11Uzbekistan
94%
9Armenia
88%
13Kyrgyzstan
88%
10Turkmenistan
88%
7Georgia
81%
5Moldova
81%
14Russia
81%
15Kazakhstan
50%

Score Distribution

Percentile by Number Answered

Percent of People with Each Score

Your Score History

You have not taken this quiz